00940nam a22002537a 4500003000500000005001700005008004100022010001000063011001000073035001100083040000900094100003500103245010100138260004000239300003300279502011500312530003600427650003600463650004600499650003700545650002700582650001300609856006400622CHAP20220817044246.0090327s2008 mx r 00010 spa d a95934 a96906 a107563 cCHAP00aGarrido Puga, Fausto Fernando.10aGasto gubernamental en el sector agrícola, el caso Procampoc/por Fausto Fernando Garrido Puga aChapingo, Méx. :bEl autor,c2008 axvi, h. :bcuadros, gráfs. aTesis (Ph.D. en Ciencias en Economía Agrícola) -- UACH. División de Ciencias Económico Administrativas aTambién disponible en línea14aAgricultura y EstadoxMéxico.14aAgriculturaxAspectos economicoszMexico.14aAgriculturaxSociedadeszMexico.14aCampesinadozMéxico.14aPobreza. 3Finding aiduhttp://10.13.5.2/tesis/107563.pdfzTeclea aqui